000 00440nam a2200193Ia 4500
005 20240823055822.0
008 240823s9999||||xx |||||||||||||| ||und||
041 _aENGLISH
082 _A621.815 N3
100 _aSundararajamoorthy T V
245 0 _aMachine design
250 _a6th
260 _c1993
_b"Khanna,Delhi"
500 _aYES
650 _aDesign
_bMechanical
700 _a Shanmugam N
942 _cBK
999 _c229676
_d229676